Follow That Line: Mitch Hedberg Quiz Stats

 Plays Quiz Updated Feb 24, 2015

Challenge
Share
Tweet
Embed
Score 0/30 Timer 10:00
7 Plays Today
% Correct
Because I did not pretend to water them.
95.3%
Or just a really cool opotamus?
95.1%
Because you'll get a fake cavity.
95%
I'd be making money in a very weird way.
94.9%
It can only become stairs.
94.7%
Is like being strangled by a really weak guy, all day.
94.5%
Because snacks are better when they fall.
94.5%
And wondered where my brother was.
94.5%
I'll never be as good as a wall.
94.3%
So it won't fall down.
94.2%
But I do know a woman who would be mad at me for saying that.
94.1%
Was to make tennis balls.
94%
Can I turn on the radio? You should slow down. Why we gotta keep going in circles? Man, you really like Tide.
93.7%
It's dirty.
93.6%
Here, you throw this away.
93.5%
% Correct
Is very much influenced by whether or not I have bread.
93.5%
I still do, but I used to, too.
93.4%
So I got a cake.
93.3%
Man, I bet you if I ate that dude I would be healthy.
93.3%
Nothing was alphabetized.
92.6%
Last night I made a cube.
92.6%
And you want 2,000 of something.
92.2%
Man, just be yourself.
92.1%
I'm addicted to sitting in a semi-circle.
91.7%
Because he's a drug dealer and he doesn't even know it.
91.7%
Because when I'm done I take the microphone with me.
91.6%
But I'm not even a member, man. I don't know how I get away with it.
90.7%
I was like 'dude, you have to wait.'
89.9%
I just hang around everyone I know, all the time.
89.4%
But I don't know how to show it.
89.1%

You're not logged in!

Compare scores with friends on all Sporcle quizzes.
OR
Log In

You Might Also Like...

Show Comments

Extras

Top Quizzes Today


Score Distribution

Your Account Isn't Verified!

In order to create a playlist on Sporcle, you need to verify the email address you used during registration. Go to your Sporcle Settings to finish the process.

Report this User

Report this user for behavior that violates our Community Guidelines.

Details: